000 00486nam a22001817a 4500
003 CEME
005 20210628205843.0
008 210317b xxu||||| |||| 00| 0 eng d
020 _a0-02-667593-5
040 _c.
082 _a658.5 COU
100 _aCoulter, Susan J.
_977273
245 _aProduction systems technology student workbook
260 _aLAKE FOREST
_bGLENCOE
_c1992
300 _a128P
650 _aPRODUCTION SYSTEMS PRODUCTION TECHNOLOGY
_977274
942 _cBK
_2ddc
999 _c582572
_d582572